000 00561nab a2200217 a 4500
001 23763
003 78028
005 20201118100348.0
008 ||||||n9999 ||| || ||
041 _aspa
110 _aInstituto Colombiano de Comercio Exterior
245 0 _aBanco de Datos de Comercio Exterior
260 _aBogotá :
_bLegis,
_c1992.
300 _app. 317-319
562 _e0
650 _aADMINISTRACION DE BASES DE DATOS
650 _aSERVICIOS DE INFORMACION
650 _aTARIFAS
773 _057819
_aLegislación
942 _cSART
999 _c23763
_d23763